书目信息 |
| 书名: | Experimental methods in organic chemistry | |
| 作者: | James A. Moore, David L. Dalrymple, Oscar R. Rodig. | |
| 分册号: | ||
| 分册名: | 出版地: | Philadelphia : |
|
| 出版社: | Saunders College Pub | |
| 出版时间: | c1982. | |
| 页数: | viii, 368 p. : | |
| 开本: | 24 cm. | |
| 丛书名: | ||
| 中图分类号: | ||
| 科图分类号: | ||
| 其他分类号: | O61 | |
| 主题词: | ||
| 电子资源: | ||
| 000 | 00916nam 2200289 a 4504 | |
| 001 | E0752338299 | |
| 005 | 20070301143624.70 | |
| 008 | 030624s1982 paua b 001 0 eng | |
| 010 | @a82-122671 | |
| 020 | @a003056896X. | |
| 035 | @a3885522 | |
| 040 | @aDLC@cDLC@dOSU | |
| 050 | 00 | @aQD261@b.M84 1982 |
| 090 | @aP440.44/W11/1982 | |
| 090 | @aO61 | |
| 099 | @dO61@ex2 | |
| 100 | 1 | @aMoore, James Alexander. |
| 245 | 10 | @aExperimental methods in organic chemistry / @cJames A. Moore, David L. Dalrymple, Oscar R. Rodig. |
| 250 | @a3rd ed. | |
| 260 | @aPhiladelphia :@bSaunders College Pub.,@cc1982. | |
| 300 | @aviii, 368 p. :@bill. ;@c24 cm. | |
| 490 | 0 | @aSaunders golden sunburst series. |
| 504 | @aIncludes bibliographies and index. | |
| 650 | 0 | @aChemistry, Organic@xLaboratory manuals. |
| 700 | 1 | @aDalrymple, David L. |
| 700 | 1 | @aRodig, Oscar R. |
| 920 | @a232010@z2 | |
| Experimental methods in organic chemistry / / James A. Moore, David L. Dalrymple, Oscar R. Rodig.-3rd ed.-Philadelphia : : Saunders College Pub., , c1982. |
| viii, 368 p. : : ill. ; ; 24 cm.- (Saunders golden sunburst series. ) |
| Includes bibliographies and index. |
| ISBN 003056896X. |
| ● |
| 相关链接 |
|
|
|
|
正题名:Experimental methods in organic chemistry
索取号:O61/x2
 
预约/预借
| 序号 | 登录号 | 条形码 | 馆藏地/架位号 | 状态 | 备注 |
| 1 | 180360 | 000637234 | 第四借阅区/ [索取号:O61/x2] | 在馆 | |
| 2 | 180361 | 000637225 | 第四借阅区/ [索取号:O61/x2] | 在馆 | |
| 3 | 180362 | 000637216 | 第四借阅区/ [索取号:O61/x2] | 在馆 | |
| 4 | 180363 | 000637207 | 第四借阅区/ [索取号:O61/x2] | 在馆 | |
| 5 | 180364 | 000637190 | 第四借阅区/ [索取号:O61/x2] | 在馆 |